| 000 | 00781nam a22002175a 4500 | ||
|---|---|---|---|
| 003 | OSt | ||
| 005 | 20170313134840.0 | ||
| 008 | 160922s2015 ua frb 000 0 ara d | ||
| 015 | _a2015 / 20083 | ||
| 020 | _z9789770479032 | ||
| 040 |
_aEG-ScBUE _bara _cEG-ScBUE _dEG-ScBUE |
||
| 082 | 0 | 4 |
_a332.1 _bع ث م _222 |
| 100 | 1 | _aعثمان، عثمان أحمد. | |
| 245 | 1 | 2 |
_aالرقابة الشرعية على المصارف الإسلامية / _cعثمان أحمد عثمان. |
| 260 |
_aالقاهرة : _bدار النهضه العربية، _c[2015] |
||
| 300 |
_a250 ص. ؛ _c24 سم. |
||
| 504 | _aيشتمل على إرجاعات ببليوجرافية. | ||
| 650 | 7 |
_2BUEsh _aالبنوك الإسلامية _xرقابة. |
|
| 653 |
_bLLAAWW _cMarch2017 |
||
| 942 | _2ddc | ||
| 999 |
_c24406 _d24378 |
||